000 00608nam a2200217Ii 4500
001 8068
003 CO-ViMGA
008 241108s9999||||xx |||||||||||||| ||und||
020 _a9586122506
040 _aCO-ViMGA
_bspa
_erda
_cCO-ViMGA
041 0 _aspa
084 _aN ECH4ca
100 1 _aJavier Echeverri Restrepo
_948406
245 1 0 _aEl camino del caimán
264 1 _aBogotá, Colombia : Tercer Mundo, 1996
300 _avolumen
336 _atext
_btxt
_2rdacontent
337 _aunmediated
_bn
_2rdamedia
338 _avolume
_bnc
_2rdacarrier
940 _aidficha_siabuc: 7890. -- ficha_no_siabuc:8068
999 _c43048
_d43048